000 00468nam#a2200193#c#4500
003 IEF
005 20180219171730.0
008 950601s1978 uuu####fr####| 0||u| |u
040 _aIEF
245 _aUnited State excise tax guide
260 _aChicago
_b C.C.H.
_c1978
300 _av.
_c 23 cm.
650 4 _aESTADOS UNIDOS
_942888
650 4 _aGUIAS
_945036
650 4 _aIMPUESTO SOBRE EL CONSUMO
_946322
942 _cLIB
942 _z56830
999 _c116209
_d116209